000
00292nam a22001337a 4500
020
_a
978-1-84646-867-4
082
_a
823
_b
STI/S
100
_a
STIM, JOANSON
245
_a
STORIES FOR 2 YEARS OLD
260
_a
UK
_b
LADYBIRD
300
_a
29
650
_a
ENGLISH SHORT STORY
_z
UK
942
_c
BK
999
_c
4484
_d
4484